LEADER 01088nam a2200277 a 4500 001 000000148821 003 CaOOAMICUS 005 20160126132250.0 008 160126s1969 it u000 u ita r 032 $aLibriCat 040 $aPUL$bita 041 1 $aita$hger 100 1 $aSchlette, Heinz Robert,$d1931-$0(OLS)http://pul/name/6274 240 10$aEpiphanie als Geschichte.$lItaliano.$0(OLS)http://pul/title/187649 245 10$aEpifania come storia / $cHeinz Robert Schlette. 260 $aBrescia :$bQueriniana,$c©1969. 300 $a116 p. ;$c20 cm. 490 1 $aDibattito sul cristianesimo ;$v05 650 4$aEpifania (teologia).$0(OLS)http://pul/subject/34503 830 0$aDibattito sul cristianesimo ;$v05.$0(OLS)http://pul/title/9038 850 $aPUL 852 $aPUL$W1$xDP1 Fondo Bordoni$y120$m3 F 21$j166992$qFondi$B172993$CPULBib$Z2$F172993 $HBor1543 $81 941 1 $a1 996 $6245$aEpifania come storia / $9(OLS)http://pul/title/187650 996 $6260$aBrescia :$bQueriniana$9(OLS)http://pul/publisher/47906 LEADER 01324nam a2200289 a 4500 001 000000157507 003 CaOOAMICUS 005 20161214164748.0 008 161214s1989 it 000 u ita r 032 $aLibriCat 040 $aPUL$bita 100 1 $aCito, Davide,$c1956-$0(OLS)http://pul/name/59395 245 10$aCollectio canonum in quinque libris :$blibro IV /$cDavide Cito. 260 $aRomae :$bAthenaeum Romanum Sanctae Crucis,$c1990. 300 $a140 p. ; $c24 cm. 502 $aEstratto dalla Tesi -- Centro Accademico Romano della Santa Croce. Facoltą di Diritto Canonico. 1989. 504 $aBibliografia in nota a pič pagina. 650 04$aDiritto canonico.$0(OLS)http://pul/subject/1294 710 2 $aCentro Accademico Romano della Santa Croce.$kTesi.$0(OLS)http://pul/name/3663 850 $aPUL 852 $aPUL$W1$xDP1 Tesi Pon. Univ. S. Croce$y43$mTH S.CRO 30$j180811$qTesi$B183934$CPULBib$Z2$F183934 $H70245 $82 910 $aPontificia Universitą della Santa Croce$93663 910 $aPontificia Universitą della Santa Croce$93663 941 1 $a16 996 $6245$aCollectio canonum in quinque libris :$blibro IV$9(OLS)http://pul/title/197110 996 $6260$aRomae :$bAthenaeum Romanum Sanctae Crucis$9(OLS)http://pul/publisher/85769